Science for girls /

Bibliographic Details
Other Authors: Kelly, Alison
Format: Book
Language:English
Published: Milton Keynes, England ; Philadelphia : Open University Press, 1987.
Subjects:

MARC

Tag First Indicator Second Indicator Subfields
LEADER 00000cam a2200000 a 4500
001 in00000019007
005 20151007054131.0
008 870304s1987 enka b 00100 eng
010 |a  87005774  
020 |a 0335102956 
020 |a 0335102948 (pbk.) 
035 |a (OCoLC)15628077 
035 |9 AAB4090AM 
040 |a DLC  |c DLC  |d TXA  |d UtOrBLW 
049 |a TXAM  |c [A11501587] 
050 0 0 |a Q181  |b .S374 1987 
082 0 |a 500  |2 19 
245 0 0 |a Science for girls /  |c edited by Alison Kelly. 
264 1 |a Milton Keynes, England ;  |a Philadelphia :  |b Open University Press,  |c 1987. 
300 |a ix, 141 pages :  |b illustrations ;  |c 24 cm. 
336 |a text  |b txt  |2 rdacontent 
337 |a unmediated  |b n  |2 rdamedia 
338 |a volume  |b nc  |2 rdacarrier 
504 |a Includes bibliographical references and indexes. 
650 0 |a Science  |x Study and teaching. 
650 0 |a Women  |x Education. 
700 1 |a Kelly, Alison. 
999 |a MARS 
999 f f |s c4ae3caf-43df-3585-b294-92b95c14478f  |i 57bdaba0-666f-34cf-a7e5-712b7c67fe89  |t 0 
952 f f |p normal  |a Texas A&M University  |b College Station  |c Sterling C. Evans Library  |s Evans stk  |d Evans: Library Stacks  |t 0  |e Q181 .S374 1987  |h Library of Congress classification  |i unmediated -- volume  |m A14811501587 
998 f f |a Q181 .S374 1987  |t 0  |l Evans: Library Stacks